000 00413nam a2200181 a 4500
001 1767590576198
003 ACL
005 20260105105718.0
008 260105s2007##################000#0#eng##
020 _a9781561485963
082 0 4 _a641.774
_bROG
100 1 _aRogers, Katie,
_eauthor.
245 1 0 _aStir-fry! :
260 _c2007.
650 0 _aStir frying.
942 _cENGLISH
040 _aACL
_beng
_cACL
999 _c607326
_d607326